000 00953nam a2200301Ia 4500
003 OSt
005 20221006160402.0
006 a|||||r|||| 00| 0
007 ta
008 221006b |||||||| |||| 00| 0 eng d
020 _a9780674024533
_c
_55.00
024 _a45,104
037 _bGift, Japan Foundation
_cTextual
040 _aEASL
_cEASL
_beng
041 _2eng
_aeng
082 _aO42,1D949:g, P7
100 _aCARTER Steven D.
_9647648
245 0 _aHouseholders
_b The Reizei family in Japanese history
260 _aCambridge
_bHarvard University Press (Asia Center)
_c2007
300 _a515p.
_ccm.
490 _v JEL
650 _a Authors and patrons - Japan - History
_9673163
650 _a Japanese poetry - History and criticism
_9670927
650 _a JEL
650 _aReizei family
_9673164
942 _hO42,1D949:g, P7
_cTEXL
_2CC
999 _c1113196
_d1113196